Marked (Record no. 61991)

MARC details
000 -LÍDER
campo de controle de tamanho fixo 00327 a2200157 4500
001 - NÚMERO DE CONTROLE
campo de controle 61991
020 ## - ISBN - INTERNATIONAL STANDARD BOOK NUMBER
ISBN - International Standard Book Number 9780708866252
040 ## - FONTE DA CATALOGAÇÃO
Instituição que transcreveu o registro Anchieta - Pituba
100 ## - ENTRADA PRINCIPAL--NOME PESSOAL
Nome pessoal Cast, P.C.
240 10 - TÍTULO UNIFORME
Título uniforme Marked
Idioma da obra Ing
245 10 - TÍTULO
Título Marked
300 ## - DESCRIÇÃO FÍSICA
Extensão 348
362 0# - DATAS DE PUBLICAÇÃO E/OU DESIGNAÇÃO SEQUENCIAL
Datas de publicação e/ou designação sequencial 2007
650 #4 - ASSUNTO--TERMO TÓPICO
Cabeçalho tópico ou nome geográfico Ficção norte-americana em inglês
942 ## - ELEMENTOS DE ENTRADA ADICIONADOS (KOHA)
Tipo de material Koha Livros
Holdings
Situação do descarte Situação das perdas Situação física Não pode ser emprestado Biblioteca de origem Biblioteca atual Data de aquisição Total de empréstimos Número de chamada completo Código de barras Data de último acesso Data do último empréstimo Data do preço efetivo Tipo de material Koha
        Colégio Anchieta - Pituba Colégio Anchieta - Pituba 21/11/2023 1 813.73 C346m CAS MAR 14349/PIT 11/03/2024 05/03/2024 21/11/2023 Livros